| 000 | 00624nam a2200145Ia 4500 | ||
|---|---|---|---|
| 008 | 231129s2013||||xx |||||||||||||| ||spa|| | ||
| 020 | _a978-958-8852-01-0 | ||
| 040 | _bspa | ||
| 082 | _a913.86 P943a | ||
| 100 | _aPreuss Konrad Theodor | ||
| 245 | 0 | _aArte monumental prehistórico : excavaciones hechas en el Alto Magdalena y San Agustín (Colombia) : comparación arqueológica con las manifestaciones artísticas de las demás civilizaciones americanas | |
| 260 | _c2013 | ||
| 264 | _aBogotá Colombia : Instituto Colombiano de Antropología e Historia ICANH | ||
| 942 |
_2ddc _cBKS |
||
| 999 |
_c5635 _d5635 |
||